000 00551nam a22001817a 4500
003 0
005 20240910130923.0
008 240910b xxu||||| |||| 00| 0 eng d
020 _a978-1-77469-381-0
050 _aQP 514.2
_b.Iq63 2023
100 _aIqbal, Abeer
245 _aKey concepts in biochemistry
_cAbeer Iqbal
260 _aCanada
_bArcler Press
_c2023
300 _ax, 278 pages :
_bcolored illustrations and pictures ;
_c24cm.
504 _aIncludes bibliographical references and index.
650 _aBiochemistry.
942 _2lcc
_cBK
999 _c366202
_d366202